000 00915nam a22001937a 4500
999 _c63417
_d63417
003 Ge_BSU
005 20251006144805.0
008 251006s1980 ge ||||| |||| 00| 0 geo d
041 _ageo
080 _a141.824 : 331 : 316.612 ლ-19
100 _aლალაშვილი, იასონ
_925934
245 _aშრომის ცვალებადობისა და ადამიანის ყოველმხრივი განვითარების შესახებ /
_cიასონ ლალაშვილი.
264 _aთბილისი,
_c 1980.
300 _a31 გვ. ;
_b20 სმ.
490 _aსაქ. სსრ საზ-ბა "ცოდნა"
653 _aშრომის ეკონომიკა
653 _aადამიანის ყოველმხრივი განვითარება
942 _2udc
_cᲬᲘᲒᲜᲘ